000 00524nam a2200181Ia 4500
999 _c28616
_d28616
003 OSt
005 20201110155539.0
008 190216s9999||||xx |||||||||||||| ||und||
020 _a9788122604214
040 _coclc
082 _a894.8123
_bMUM/A
100 _aMumthaz, Khadeeja
_92067
245 0 _aAthmatheerthangalil Munginivarnnu /
_cKhadeeja Mumthaz
260 _bCurrent Books,
_aThrissur:
_c2004.
300 _a157p
650 _aNovel
942 _cBK
_2ddc
_h894.8123
_iMUM/A
_k894.8123
_mMUM/A